Canadian Provinces, Territories & Capitals - Statistics

General Stats
  • This quiz has been taken 1,910 times
  • The average score is 22 of 27
Answers on the Map
Answers color-coded by a green-red scale on the quiz's map according to % correct below.
 
Answer Stats
Answer % Correct
Quebec
96%
Quebec City
96%
Ontario
95%
Alberta
94%
British Columbia
93%
Yukon
93%
Manitoba
92%
Northwest Territories
91%
Nunavut
91%
Newfoundland and Labrador
89%
Saskatchewan
89%
Toronto
89%
Nova Scotia
86%
Ottawa
84%
New Brunswick
83%
Edmonton
82%
Victoria
81%
Yellowknife
81%
Whitehorse
79%
Regina
77%
Winnipeg
77%
Halifax
74%
Iqaluit
72%
St. John's
70%
Charlottetown
67%
Fredericton
61%
Prince Edward's Island
37%
No matching quizzes found
Score Distribution
Percent of People with Each Score
Percentile by Number Answered
Your Score History
You have not taken this quiz